00662 a2200169 4500020001500000040001300015082001200028100002100040245009700061260004100158300003500199500005000234650003600284942002500320999001500345952013200360 a 812970708 aDLCbDLC a005.133 a Kalinovsky,Alex aCovert Java: techniques for decompiling, patching, and reverse engineeringcAlex, Kalinovsky aIndianapolis, Ind. :b Sams,cc2004. a x, 268 p. :b ill. ;c 24 cm. aIncludes bibliographical references and index aJava(Computer Program Language) cBKk005.133 KAL2ddc c5980d5980 001040708NFICaCLbCLcSEd2005-03-02ePak Book Corporationg202.50l0o005.133 KALpSEECS005347r2012-11-14w2017-01-05yBK